000 01873nam a22001577a 4500
041 _aukr
080 _a09
090 _bЧАЙ
100 _aЧайка Н. В.
245 _aЕкзистенція підлітка у повісті Дж. Д. Селінджера "Над прірвою у житті"
260 _aОстрог
_bКАФ
_c2004
300 _a50
520 _aРозділ 1. Відображення відносин між особистістю та суспільством в американській літературі 20-го століття. 1.1. Категорія відчуження в американській прозі першої половини 20-го століття. 1.2. Основні мотиви американської літератури після Другої світової війни. Розділ 2. Дж.Д.Селінджер та його книга "Над прірвою у житі". 2.1. Роль повісті Дж. Д. Селінджера "Над прірвою у житі" в американській літературі. 2.2. Проблема жанру твору Дж. Д. Селінджера "Над прірвою у житі". Розділ 3. Проблема становлення підлітка як особистості у повісті "Над прірвою у житі". 3.1. Атмосфера шкільного життя. 3.2. Нью-Йорк і самотній підліток. 3.3. Усвідомлення Голденом істини світу. Розділ 4. Екзистенція Голденом Колфілда. 4.1. Нонконформізм підлітка. 4.2. Особливості екзистенції Голдена Колфілда.
_0Екзистенція, жанр, проблематика.
650 _aResearch Papers
999 _c282616
_d282616
942 _cBK